000 01076nam a2200265Ia 4500
003 GCL
008 140319s9999 xx 000 0 ara d
040 _aGCL /
_cGCL
082 0 4 _a320.956
_bن م
100 1 _aمازن الحسينى
245 1 0 _aمشروع الشرق الاوسط الكبير اعلى مراحل التبعية /
_cمازن الحسينى
700 1 _aنعيم الاشهب
250 _aالاولى
260 _aالاردن :
_bدار الشروق للنشر والتوزيع ،
_c2005
300 _a331 ص ؛
_c19 سم
650 0 4 _aالحقوق السياسية
650 0 4 _aالشرق الاوسط - الاحوال السياسية
650 0 4 _aمشروع الشرق الاوسط الكبير
650 0 4 _aحقوق الانسان - الشرق الاوسط
650 0 4 _aالانتخابات - الشرق الاوسط
650 0 4 _aالمنظمات غير الحكومية - الشرق الاوسط
650 0 4 _aالارهاب - الشرق الاوسط
650 0 4 _aالهجرة - الشرق الاوسط
942 _2ddc
_cBK
999 _c10135
_d10135